[Event "28th European Club Cup (Women)"]
[Site "Eilat ISR"]
[Date "2012.10.17"]
[EventDate "2012.10.11"]
[Round "7"]
[Result "1/2-1/2"]
[White "Koneru Humpy"]
[Black "Olga Girya"]
[WhiteElo "2607"]
[BlackElo "2454"]
[PlyCount "112"]

1. d4 d5 2. c4 e6 3. Nc3 c6 4. e3 Bd6 5. Bd3 f5 6. Nge2 Nf6
7. f3 O-O 8. Qc2 a6 9. c5 Bc7 10. Bd2 Nbd7 11. O-O Qe8 12. h3
Rf7 13. e4 e5 14. exf5 exd4 15. Na4 Ne5 16. Nxd4 Nxd3 17. Qxd3
Qe5 18. f4 Qe4 19. Qc3 Qe7 20. Qe3 Ne4 21. g4 h5 22. Be1 Bd7
23. Rc1 Re8 24. Rc2 Ng5 25. Qc3 Bxf4 26. Rxf4 Qxe1+ 27. Qxe1
Rxe1+ 28. Kg2 hxg4 29. hxg4 Rfe7 30. Nc3 Kf7 31. Re2 R7xe2+
32. Ndxe2 Ne4 33. b4 Nxc3 34. Nxc3 Rc1 35. Na4 Rc2+ 36. Rf2
Rxf2+ 37. Kxf2 g6 38. Nb6 Be8 39. Nc8 Bd7 40. Nd6+ Kf6
41. fxg6 Kxg6 42. Ke3 Kg5 43. Kd4 Kxg4 44. a4 Kf3 45. Nxb7 Ke2
46. Nd8 Kd2 47. Nf7 Kc2 48. Ne5 Be8 49. a5 Kb3 50. b5 cxb5
51. Kxd5 Ka4 52. c6 Bxc6+ 53. Nxc6 b4 54. Kc4 b3 55. Kc3 Kb5
56. Nd4+ Kxa5 1/2-1/2

[Event "SportAccord World Mind Games (Women, Rapid)"]
[Site "Beijing CHN"]
[Date "2013.12.05"]
[EventDate "2013.12.4"]
[Round "5.5"]
[Result "1/2-1/2"]
[White "Koneru Humpy"]
[Black "Viktorija Cmilyte"]
[WhiteElo "2607"]
[BlackElo "2514"]
[PlyCount "92"]

1. Nf3 g6 2. e4 d6 3. d4 Nf6 4. Nc3 Bg7 5. Be2 O-O 6. O-O c6
7. a4 Nbd7 8. e5 dxe5 9. dxe5 Nd5 10. Nxd5 cxd5 11. Qxd5 Nxe5
12. Qxd8 Rxd8 13. Nxe5 Bxe5 14. Bf3 Be6 15. Re1 Bf6 16. c3 Bd5
17. Bxd5 Rxd5 18. Be3 a6 19. Red1 Rad8 20. Rxd5 Rxd5 21. Kf1
e5 22. Ke2 e4 23. Ra3 Be7 24. Ra1 f5 25. f3 exf3+ 26. Kxf3 g5
27. h3 h5 28. Bd4 Kf7 29. Re1 Bf6 30. Ke3 Rd8 31. Kd3 f4
32. b4 b5 33. axb5 axb5 34. Ra1 Bxd4 35. cxd4 Kf6 36. Ra5 Rb8
37. Ra6+ Kf5 38. Rc6 Ra8 39. Rc5+ Kf6 40. Rxb5 Ra2 41. h4 Ra3+
42. Ke2 Ra2+ 43. Kf3 Ra3+ 44. Ke2 Ra2+ 45. Kf3 Ra3+ 46. Ke2
Ra2+ 1/2-1/2

[Event "SportAccord World Mind Games (Women, Rapid)"]
[Site "Beijing CHN"]
[Date "2013.12.05"]
[EventDate "2013.12.4"]
[Round "6.4"]
[Result "1-0"]
[White "Ju Wenjun"]
[Black "Koneru Humpy"]
[WhiteElo "2514"]
[BlackElo "2607"]
[PlyCount "75"]

1. d4 e6 2. c4 c5 3. d5 exd5 4. cxd5 d6 5. Nc3 a6 6. a4 Ne7
7. e4 Ng6 8. f4 Be7 9. Nf3 O-O 10. Be2 Bf6 11. O-O Bg4 12. Nd2
Bxe2 13. Qxe2 Nd7 14. Kh1 Re8 15. g3 Qe7 16. e5 dxe5 17. f5
Ngf8 18. Nde4 Qd8 19. Be3 h6 20. Rad1 Nh7 21. d6 Rc8 22. Nd5
Rc6 23. Rd2 Kh8 24. Qh5 Rf8 25. h4 Qe8 26. Nc7 Qc8 27. g4 g6
28. fxg6 fxg6 29. Qxg6 Bxh4 30. Rf5 Rxf5 31. gxf5 Qg8 32. Qh5
Bg5 33. Bxg5 hxg5 34. Rh2 g4 35. f6 Nf8 36. f7 Qg6 37. Qxg6
Nxg6 38. d7 1-0

[Event "SportAccord World Mind Games (Women, Rapid)"]
[Site "Beijing CHN"]
[Date "2013.12.12"]
[EventDate "2013.12.12"]
[Round "1.5"]
[Result "1/2-1/2"]
[White "Koneru Humpy"]
[Black "Nana Dzagnidze"]
[WhiteElo "2607"]
[BlackElo "2557"]
[PlyCount "137"]

1. d4 Nf6 2. c4 e6 3. Nf3 b6 4. g3 Bb4+ 5. Nbd2 Ba6 6. Qa4
Bxd2+ 7. Bxd2 Bb7 8. Bg2 O-O 9. O-O Bc6 10. Qa3 h6 11. Rfd1 a5
12. Rac1 Re8 13. Bc3 Be4 14. b3 Na6 15. Qb2 d6 16. a3 Qb8
17. Bf1 b5 18. cxb5 Qxb5 19. Nd2 Reb8 20. f3 Bg6 21. e4 Qb6
22. Nc4 Qxb3 23. Qa1 d5 24. Nxa5 Qa4 25. Be1 dxe4 26. Nc6 Rb3
27. Rc4 Qxa3 28. Ra4 Qxa1 29. Rdxa1 exf3 30. Ne7+ Kh7 31. Nxg6
Kxg6 32. Bxa6 Rd8 33. Bc4 Rb2 34. Bd3+ Kh5 35. Ra5+ g5 36. h3
Rxd4 37. Rd1 Rg2+ 38. Kf1 Rh2 39. Bg6+ Kxg6 40. Rxd4 Rxh3
41. Kf2 Rh1 42. Bc3 Nd5 43. Bd2 Rh2+ 44. Kxf3 f5 45. g4 h5
46. gxf5+ Kxf5 47. Kg3 Re2 48. Kf3 Rh2 49. Kg3 Re2 50. Ra8 c5
51. Rf8+ Ke5 52. Rd3 Ke4 53. Rxd5 exd5 54. Bxg5 d4 55. Rc8 Rc2
56. Re8+ Kd5 57. Kf3 Rc3+ 58. Ke2 Rg3 59. Bf6 Rg2+ 60. Kf3 Rg6
61. Be7 Re6 62. Rd8+ Kc4 63. Bf8 d3 64. Bxc5 Kxc5 65. Rxd3
Rf6+ 66. Kg3 Rf5 67. Kh4 Rd5 68. Rxd5+ Kxd5 69. Kxh5 1/2-1/2

[Event "SportAccord World Mind Games (Women, Blitz)"]
[Site "Beijing CHN"]
[Date "2013.12.14"]
[EventDate "2013.12.14"]
[Round "3.8"]
[Result "0-1"]
[White "Nana Dzagnidze"]
[Black "Koneru Humpy"]
[WhiteElo "2557"]
[BlackElo "2607"]
[PlyCount "74"]

1. c4 e6 2. Nc3 d5 3. cxd5 exd5 4. d4 Bb4 5. a3 Bxc3+ 6. bxc3
Nf6 7. e3 O-O 8. Bd3 b6 9. Ne2 Ba6 10. O-O c5 11. f3 Re8
12. Ng3 Bxd3 13. Qxd3 Nc6 14. Ra2 h5 15. Re2 Qd7 16. Bb2 Rad8
17. Rd1 Re6 18. Qf5 h4 19. Nh1 Ne7 20. Qd3 Ng6 21. Nf2 Rde8
22. Rde1 Qe7 23. Nh3 Qb7 24. a4 Qc6 25. Qb5 Qc7 26. Qb3 R6e7
27. Qd1 Qc6 28. Nf2 a6 29. Ba3 Re6 30. Kf1 cxd4 31. cxd4 Qc4
32. Kg1 Nf4 33. Rd2 Rxe3 34. Rxe3 Rxe3 35. Rc2 Rc3 36. Rxc3
Qxc3 37. g3 hxg3 0-1

[Event "SportAccord World Mind Games (Women, Blitz)"]
[Site "Beijing CHN"]
[Date "2013.12.14"]
[EventDate "2013.12.14"]
[Round "6.2"]
[Result "1/2-1/2"]
[White "Viktorija Cmilyte"]
[Black "Koneru Humpy"]
[WhiteElo "2514"]
[BlackElo "2607"]
[PlyCount "102"]

1. Nf3 Nf6 2. c4 e6 3. Nc3 Bb4 4. Qc2 O-O 5. a3 Bxc3 6. Qxc3
b6 7. e3 Bb7 8. Be2 c5 9. O-O d5 10. b4 Nbd7 11. d3 Qe7
12. Bb2 Rfd8 13. b5 Qf8 14. a4 a5 15. bxa6 Rxa6 16. a5 bxa5
17. Rxa5 Rxa5 18. Qxa5 Ra8 19. Qc3 Bc6 20. h3 h6 21. Ne5 Nxe5
22. Qxe5 Qb8 23. Qxb8+ Rxb8 24. Bxf6 gxf6 25. cxd5 Bxd5
26. Rc1 Rb5 27. Bf1 Ra5 28. g4 Kg7 29. Kh2 Bb7 30. Kg3 Ba6
31. Rc3 Kg6 32. Be2 f5 33. f4 Ra2 34. Kf3 Ra5 35. Bd1 fxg4+
36. hxg4 Ra1 37. Bc2 Rc1 38. d4+ Kf6 39. dxc5 Bd3 40. Rxd3
Rxc2 41. Rd8 Rxc5 42. Rh8 Kg7 43. Rd8 Rc7 44. Rd4 Rb7 45. Rc4
Rd7 46. Rb4 Rc7 47. Ra4 Rb7 48. Rc4 Ra7 49. Rb4 Rc7 50. Ra4
Rb7 51. Rc4 Ra7 1/2-1/2

[Event "SportAccord World Mind Games (Women, Blitz)"]
[Site "Beijing CHN"]
[Date "2013.12.15"]
[EventDate "2013.12.14"]
[Round "11.5"]
[Result "1-0"]
[White "Koneru Humpy"]
[Black "Pia Cramling"]
[WhiteElo "2607"]
[BlackElo "2525"]
[PlyCount "83"]

1. Nf3 d5 2. d4 Nf6 3. c4 dxc4 4. e3 e6 5. Bxc4 a6 6. O-O c5
7. Bd3 b6 8. a3 Nbd7 9. Qe2 Bb7 10. Rd1 Qb8 11. h3 Be7
12. Nbd2 cxd4 13. Nxd4 O-O 14. b4 a5 15. b5 Nc5 16. Bc2 a4
17. Bb2 Qe5 18. Nc4 Qc7 19. Rac1 Rac8 20. Ne5 Qxe5 21. Nc6 Qg5
22. Nxe7+ Kh8 23. f4 Qg3 24. Nxc8 Rxc8 25. Qf2 Qxf2+ 26. Kxf2
Nd5 27. Ke2 f6 28. g4 Kg8 29. Bd4 Kf7 30. Kf2 Nd7 31. Bxa4 Ra8
32. Rc4 Nc5 33. Bxc5 bxc5 34. Bc2 Rxa3 35. e4 Ne3 36. Rd7+ Ke8
37. Rxb7 Nxc4 38. Ke2 Rxh3 39. b6 Rh2+ 40. Kd3 Nb2+ 41. Kc3
Nd1+ 42. Bxd1 1-0

[Event "SportAccord World Mind Games (Women, Blitz)"]
[Site "Beijing CHN"]
[Date "2013.12.15"]
[EventDate "2013.12.14"]
[Round "12.5"]
[Result "1/2-1/2"]
[White "Ju Wenjun"]
[Black "Koneru Humpy"]
[WhiteElo "2514"]
[BlackElo "2607"]
[PlyCount "118"]

1. Nf3 Nf6 2. g3 b5 3. Na3 a6 4. c4 e6 5. b3 b4 6. Nc2 Bb7
7. Bg2 Be7 8. a3 a5 9. O-O O-O 10. axb4 axb4 11. Rxa8 Bxa8
12. Bb2 c5 13. d3 Nc6 14. e4 d5 15. exd5 exd5 16. Ne3 d4
17. Nf5 Re8 18. Nxe7+ Rxe7 19. Bc1 h6 20. h3 Ne5 21. Nxe5 Rxe5
22. Bf4 Re6 23. Re1 Rxe1+ 24. Qxe1 Bxg2 25. Kxg2 Qa8+ 26. Kg1
Qf3 27. Qe5 Qxd3 28. Qxc5 Qb1+ 29. Kh2 Qxb3 30. Qxd4 Qc3
31. Qxc3 bxc3 32. Kg2 g5 33. Be3 Kf8 34. Kf3 Nd7 35. Ke4 c2
36. Kd3 Ne5+ 37. Kc3 Ke7 38. c5 Ke6 39. Kxc2 Kd5 40. Kc3 f5
41. Kb4 f4 42. gxf4 gxf4 43. Bd2 Nd3+ 44. Kb5 Nxc5 45. Bxf4 h5
46. Be3 Nd3 47. Ka4 Ke4 48. Kb3 Kf3 49. Kc2 Nxf2 50. Bxf2 Kxf2
51. Kd2 h4 52. Kd1 Kf1 53. Kd2 Kg2 54. Ke2 Kxh3 55. Kf1 Kh2
56. Kf2 h3 57. Kf1 Kg3 58. Kg1 h2+ 59. Kh1 Kh3 1/2-1/2

[Event "SportAccord World Mind Games (Women, Blitz)"]
[Site "Beijing CHN"]
[Date "2013.12.15"]
[EventDate "2013.12.14"]
[Round "14.6"]
[Result "1-0"]
[White "Valentina Gunina"]
[Black "Koneru Humpy"]
[WhiteElo "2509"]
[BlackElo "2607"]
[PlyCount "71"]

1. d4 e6 2. c4 c5 3. d5 exd5 4. cxd5 d6 5. e4 a6 6. a4 Ne7
7. Bd3 Ng6 8. f4 Be7 9. Nf3 O-O 10. O-O Bf6 11. Na3 Bg4 12. h3
Bxf3 13. Qxf3 Bd4+ 14. Kh1 Nd7 15. Nc4 Nb6 16. Ne3 Rc8 17. a5
c4 18. Be2 c3 19. bxc3 Bxc3 20. Ra2 Nd7 21. Nc4 Bf6 22. Nxd6
Rc3 23. Qf2 Qc7 24. Ba3 Rxa3 25. Rxa3 Qxd6 26. Ra2 Bh4 27. g3
Be7 28. Rd1 f6 29. Rb2 Nc5 30. Rb6 Qd7 31. Bg4 Qd8 32. Qe2 Re8
33. d6 Bf8 34. Qc4+ Kh8 35. Qxc5 Rxe4 36. Qc8 1-0

[Event "SportAccord World Mind Games (Women, Blitz)"]
[Site "Beijing CHN"]
[Date "2013.12.15"]
[EventDate "2013.12.14"]
[Round "15.3"]
[Result "0-1"]
[White "Koneru Humpy"]
[Black "Zhao Xue"]
[WhiteElo "2607"]
[BlackElo "2568"]
[PlyCount "50"]

1. d4 Nf6 2. Nf3 e6 3. e3 c5 4. Bd3 b6 5. O-O Bb7 6. b3 Be7
7. Bb2 O-O 8. Nbd2 cxd4 9. exd4 d6 10. a3 Nbd7 11. c4 Rc8
12. Rc1 Rc7 13. Re1 Re8 14. Ng5 Nf8 15. Nge4 Ng6 16. d5 Nxe4
17. Bxe4 exd5 18. Bxd5 Bxd5 19. cxd5 Rxc1 20. Qxc1 Nf4 21. Qc4
Bf6 22. Rxe8+ Qxe8 23. Qxf4 Bxb2 24. Qxd6 g6 25. Nf3 Qe2 0-1

[Event "SportAccord World Mind Games (Women, Blitz)"]
[Site "Beijing CHN"]
[Date "2013.12.15"]
[EventDate "2013.12.14"]
[Round "18.8"]
[Result "0-1"]
[White "Koneru Humpy"]
[Black "Nana Dzagnidze"]
[WhiteElo "2607"]
[BlackElo "2557"]
[PlyCount "120"]

1. d4 Nf6 2. c4 e6 3. Nf3 b6 4. g3 Bb4+ 5. Nbd2 Ba6 6. Qa4 c5
7. dxc5 Bxc5 8. Bg2 Bb7 9. b4 Be7 10. O-O O-O 11. Bb2 d6
12. Rfd1 Nbd7 13. Rac1 a5 14. b5 Nc5 15. Qc2 Qc7 16. Nd4 Bxg2
17. Kxg2 Nfd7 18. N2b3 Qb7+ 19. f3 Rfc8 20. Nc6 Bf8 21. Nbd4
Rc7 22. Rd2 Rac8 23. Rcd1 Nf6 24. Nb3 Nfd7 25. Nbd4 Nf6
26. Ba1 Ncd7 27. Nb3 Nb8 28. Bxf6 gxf6 29. Nbd4 Nxc6 30. Nxc6
Rxc6 31. bxc6 Qxc6 32. Qb2 f5 33. Rb1 Rb8 34. Qb5 Qc7 35. a4
Bg7 36. Rd3 Be5 37. Rbd1 Qb7 38. Kg1 Rc8 39. f4 Bf6 40. Rxd6
Qe4 41. Qb3 Qxe2 42. Qd3 Qa2 43. Rd2 Qxa4 44. Rxb6 Rxc4
45. Rb8+ Kg7 46. Rb1 Qc6 47. Qd7 Qc5+ 48. Kg2 Rc2 49. Rd1
Rxd2+ 50. Qxd2 a4 51. Rc1 Qa7 52. Qa2 a3 53. Rd1 Bb2 54. Rd2
Qb7+ 55. Kg1 Qb4 56. Re2 Qb5 57. Kf1 Qd3 58. Kf2 Bd4+ 59. Kg2
Bc5 60. Qc2 Qd5+ 0-1

[Event "SportAccord World Mind Games (Women, Blitz)"]
[Site "Beijing CHN"]
[Date "2013.12.15"]
[EventDate "2013.12.14"]
[Round "19.1"]
[Result "0-1"]
[White "Koneru Humpy"]
[Black "Kateryna Lahno"]
[WhiteElo "2607"]
[BlackElo "2543"]
[PlyCount "56"]

1. d4 Nf6 2. Nf3 g6 3. g3 Bg7 4. Bg2 c5 5. d5 b5 6. a4 b4
7. c4 bxc3 8. Nxc3 d6 9. O-O O-O 10. Bf4 Nbd7 11. h3 Rb8
12. Qc2 Ba6 13. a5 Qc7 14. Rfe1 Rb4 15. e4 Rfb8 16. Nd1 Ne8
17. Bd2 Rb3 18. Bc3 Bxc3 19. bxc3 Nef6 20. Qc1 Ne5 21. Nxe5
dxe5 22. Ne3 Ne8 23. Bf1 Bxf1 24. Rxf1 Nd6 25. Qc2 Rb2 26. Qd3
c4 27. Qd1 Nxe4 28. Qf3 Nd2 0-1

[Event "SportAccord World Mind Games (Women, Blitz)"]
[Site "Beijing CHN"]
[Date "2013.12.16"]
[EventDate "2013.12.14"]
[Round "21.2"]
[Result "1-0"]
[White "Koneru Humpy"]
[Black "Viktorija Cmilyte"]
[WhiteElo "2607"]
[BlackElo "2514"]
[PlyCount "93"]

1. Nf3 g6 2. e4 d6 3. d4 Nf6 4. Nc3 Bg7 5. Be2 O-O 6. O-O c6
7. a4 Qc7 8. h3 Nbd7 9. a5 e5 10. dxe5 dxe5 11. Be3 Re8 12. b4
a6 13. Bc4 h6 14. Qc1 h5 15. Ng5 Rf8 16. Qb2 Nh7 17. h4 Ndf6
18. Bc5 Nxg5 19. hxg5 Nh7 20. Bxf8 Bxf8 21. Na4 Nxg5 22. Nb6
Rb8 23. Nxc8 Rxc8 24. Rfe1 Qe7 25. c3 h4 26. Qe2 h3 27. Qg4
Rd8 28. gxh3 Qf6 29. Kg2 Rd2 30. Re2 Rxe2 31. Qxe2 Qf4 32. Re1
Bh6 33. Qg4 Qd2 34. Re3 Kg7 35. Rd3 Qe1 36. Re3 Qd2 37. Qe2
Qd7 38. Rd3 Qc8 39. Qg4 Qxg4+ 40. hxg4 Nxe4 41. Rd7 Nxc3
42. Rxf7+ Kh8 43. Rxb7 Nb5 44. Rb6 Bd2 45. Rxc6 Bxb4 46. Rxa6
Na3 47. Bd3 1-0

[Event "SportAccord World Mind Games (Women, Blitz)"]
[Site "Beijing CHN"]
[Date "2013.12.16"]
[EventDate "2013.12.14"]
[Round "27.5"]
[Result "1-0"]
[White "Koneru Humpy"]
[Black "Ju Wenjun"]
[WhiteElo "2607"]
[BlackElo "2514"]
[PlyCount "95"]

1. d4 Nf6 2. Nf3 g6 3. g3 Bg7 4. Bg2 O-O 5. O-O d6 6. b3 c5
7. Bb2 cxd4 8. Nxd4 Qc7 9. c4 Nc6 10. Nc3 a6 11. Rc1 Nxd4
12. Qxd4 e5 13. Qd2 Be6 14. Rfd1 Rfd8 15. h4 Rab8 16. Nd5 Bxd5
17. cxd5 Qd7 18. Rc2 Rbc8 19. Rdc1 Ne8 20. e4 h5 21. Kh2 Rxc2
22. Rxc2 Kh7 23. Bh3 Qe7 24. a4 Bh6 25. Qb4 Nf6 26. Kg2 Ng4
27. Bxg4 hxg4 28. Qb6 Qf6 29. Rc3 Rd7 30. Kg1 g5 31. h5 Bf8
32. Rc8 Be7 33. Rb8 Bd8 34. Qb4 Rc7 35. Qd2 Be7 36. Qe2 Qf3
37. Qxf3 gxf3 38. g4 Kg7 39. Ba3 Kf6 40. Kh2 Rc3 41. Rxb7 Rd3
42. Kg3 Rc3 43. Rb6 a5 44. Bxd6 Bxd6 45. Rxd6+ Kg7 46. Rb6 Rd3
47. Rb5 Rd4 48. Kxf3 1-0

[Event "SportAccord World Mind Games (Women, Blitz)"]
[Site "Beijing CHN"]
[Date "2013.12.16"]
[EventDate "2013.12.14"]
[Round "29.6"]
[Result "1-0"]
[White "Koneru Humpy"]
[Black "Valentina Gunina"]
[WhiteElo "2607"]
[BlackElo "2509"]
[PlyCount "111"]

1. d4 d5 2. Nf3 Nf6 3. c4 c6 4. e3 Bf5 5. Nc3 e6 6. Nh4 Bg6
7. Qb3 Qc7 8. Nxg6 hxg6 9. h3 Nbd7 10. Bd2 Nb6 11. cxd5 exd5
12. Bd3 Bd6 13. O-O-O O-O-O 14. Kb1 Kb8 15. Rc1 Qe7 16. a4 Bb4
17. Rc2 a5 18. Na2 Bxd2 19. Qxb6 Nd7 20. Qb3 Bb4 21. Rhc1 Rc8
22. Nxb4 Qxb4 23. Qxb4 axb4 24. Ka2 b6 25. Rxc6 Rxc6 26. Rxc6
Kb7 27. Rc2 f5 28. Kb3 Nf6 29. Kxb4 Rf8 30. h4 Ne8 31. Bb5 Nc7
32. Rc6 f4 33. Rxg6 fxe3 34. fxe3 Rf7 35. g4 Re7 36. h5 Ne6
37. g5 Nf8 38. Rd6 Rxe3 39. Rxd5 Rh3 40. Rf5 Ne6 41. d5 Rh4+
42. Kc3 Nc5 43. Rf7+ Kc8 44. Rxg7 Rxh5 45. Kd4 Rh4+ 46. Ke5
Re4+ 47. Kf5 Rd4 48. Ke5 Re4+ 49. Kd6 Re3 50. Kc6 Kd8 51. Rg8+
Ke7 52. d6+ Kf7 53. Bc4+ Ne6 54. Bxe6+ Rxe6 55. Rc8 Rg6
56. Kc7 1-0

[Event "SportAccord World Mind Games (Women, Blitz)"]
[Site "Beijing CHN"]
[Date "2013.12.16"]
[EventDate "2013.12.14"]
[Round "30.3"]
[Result "1-0"]
[White "Zhao Xue"]
[Black "Koneru Humpy"]
[WhiteElo "2568"]
[BlackElo "2607"]
[PlyCount "158"]

1. c4 e6 2. Nf3 Nf6 3. b3 b6 4. Bb2 Bb7 5. g3 d5 6. Bg2 Bd6
7. O-O O-O 8. Nc3 Nbd7 9. Rc1 c5 10. cxd5 Nxd5 11. Qc2 N7f6
12. Nxd5 Nxd5 13. Rfd1 Rc8 14. Qb1 Qe7 15. a3 Bb8 16. d4 cxd4
17. Nxd4 h6 18. b4 a6 19. Qd3 Rfd8 20. Qb3 b5 21. Qf3 Ba7
22. Nb3 Rxc1 23. Rxc1 Rc8 24. Rxc8+ Bxc8 25. e4 Nf6 26. h3 Bb7
27. Qe2 Nd7 28. Na5 Ba8 29. Qc2 Qd8 30. Qc3 Nf6 31. Qc2 Bb6
32. Nb3 Qc7 33. Qxc7 Bxc7 34. Nc5 a5 35. e5 Nd5 36. bxa5 Bxa5
37. Nb3 Bb6 38. Nd4 Bxd4 39. Bxd4 Kf8 40. Bf1 Bc6 41. f4 Ke7
42. Kf2 Kd7 43. Bd3 b4 44. axb4 Nxb4 45. Bb1 Bb5 46. Ke3 Nd5+
47. Kf3 h5 48. Bb2 Bc6 49. Kf2 Bb5 50. Bc1 Nb4 51. Be4 Bc6
52. Bb1 Bb5 53. Ke3 g6 54. Bd2 Nd5+ 55. Kf2 Bc6 56. Bd3 Ke7
57. Ba5 Kd7 58. Bd2 Ke7 59. Bb1 Bb5 60. Be4 Bc6 61. Bd3 Kd7
62. Bc4 Nb6 63. Bd3 Nd5 64. Bc4 Nb6 65. Bd3 Nd5 66. g4 hxg4
67. hxg4 Ke7 68. Kg3 Bb7 69. Kh4 Bc6 70. Kg5 Bd7 71. Kh6 Bc6
72. Kg7 Bb7 73. Bc1 Bc6 74. Bc2 Bb5 75. Be4 Be2 76. Ba3+ Ke8
77. f5 gxf5 78. gxf5 Bg4 79. f6 Bh5 1-0

[Event "SportAccord World Mind Games (Women, Basque)"]
[Site "Beijing CHN"]
[Date "2013.12.17"]
[EventDate "2013.12.17"]
[Round "1.2"]
[Result "1/2-1/2"]
[White "Koneru Humpy"]
[Black "Pia Cramling"]
[WhiteElo "2607"]
[BlackElo "2525"]
[PlyCount "141"]

1. d4 Nf6 2. c4 e6 3. Nf3 b6 4. g3 Bb4+ 5. Nbd2 Bb7 6. Bg2 O-O
7. O-O c5 8. a3 Bxd2 9. Bxd2 cxd4 10. Bb4 Re8 11. Bd6 Ne4
12. Qxd4 Na6 13. Ne5 Nxd6 14. Qxd6 Bxg2 15. Kxg2 Nc5 16. b4
Ne4 17. Qd4 Nf6 18. Rfd1 d5 19. Rac1 Qe7 20. c5 bxc5 21. Qxc5
h6 22. Qxe7 Rxe7 23. Rc6 a5 24. b5 a4 25. Rb1 Rb7 26. Ra6 Rba7
27. Rxa7 Rxa7 28. Rb4 Rb7 29. f3 d4 30. Kf2 g5 31. Nc6 Nd5
32. Rxa4 Rxb5 33. Nxd4 Rb2 34. Ra8+ Kg7 35. a4 Rd2 36. Nb5 Rb2
37. Ra7 Kg6 38. Nd4 Nc3 39. Ke3 Ra2 40. a5 h5 41. Kd3 Nd5
42. Kc4 h4 43. a6 h3 44. Kb3 Ra1 45. Ra8 Nc7 46. Rg8+ Kh6
47. Rh8+ Kg7 48. Rxh3 Nxa6 49. Rh5 Kg6 50. g4 Nc7 51. Nc6 Re1
52. Nd4 Rd1 53. Nc6 Re1 54. Ne5+ Kf6 55. Nd7+ Ke7 56. Nc5 Rxe2
57. Rxg5 Rxh2 58. Kc4 Rf2 59. Rg7 Rxf3 60. g5 Rg3 61. Ne4 Rg4
62. Kd3 Nd5 63. Nf6 Rg3+ 64. Kd4 Rg1 65. Nxd5+ exd5 66. Kxd5
Rd1+ 67. Ke5 Rg1 68. Kf5 Rf1+ 69. Ke5 Rg1 70. Kf5 Rf1+ 71. Ke5
1/2-1/2

[Event "SportAccord World Mind Games (Women, Basque)"]
[Site "Beijing CHN"]
[Date "2013.12.17"]
[EventDate "2013.12.17"]
[Round "2.1"]
[Result "0-1"]
[White "Koneru Humpy"]
[Black "Ju Wenjun"]
[WhiteElo "2607"]
[BlackElo "2514"]
[PlyCount "190"]

1. d4 Nf6 2. c4 g6 3. Nc3 Bg7 4. e4 d6 5. Be2 O-O 6. Be3 Na6
7. Nf3 e5 8. dxe5 dxe5 9. Qc2 Ng4 10. Bg5 f6 11. Rd1 Qe8
12. Bc1 f5 13. O-O Nf6 14. c5 c6 15. exf5 Bxf5 16. Qb3+ Kh8
17. Qxb7 Nxc5 18. Qc7 Ne6 19. Qxe5 Nh5 20. Qd6 Rd8 21. Qb4 c5
22. Rxd8 Qxd8 23. Qc4 Nf6 24. Nh4 Nd4 25. Nxf5 gxf5 26. Be3
Nd7 27. Bxd4 cxd4 28. Nd5 Ne5 29. Qb3 f4 30. f3 Qd6 31. Nb4
Rb8 32. a3 a5 33. Qd5 Qxd5 34. Nxd5 Rxb2 35. Rc1 Bh6 36. Rc8+
Kg7 37. Rc7+ Kg6 38. Ne7+ Kg5 39. Ba6 Bf8 40. h4+ Kf6 41. Nd5+
Kf5 42. Bc8+ Kg6 43. Nxf4+ Kf6 44. Nd5+ Kg6 45. Nf4+ Kf6
46. Rxh7 d3 47. Rh8 Kg7 48. Nxd3 Nxd3 49. Rh5 Bc5+ 50. Kh1
Rb1+ 51. Kh2 Bd6+ 52. g3 Rb2+ 53. Kg1 Bc5+ 54. Kh1 Rb1+
55. Kg2 Rb2+ 56. Kh1 a4 57. Rg5+ Kf6 58. Rf5+ Ke7 59. h5 Nf2+
60. Kg2 Bxa3 61. h6 Ng4+ 62. Kh3 Nxh6 63. Ra5 Rb4 64. Ra7+ Kf6
65. Bd7 Bb2 66. Bxa4 Bd4 67. Ra6+ Kg7 68. Bc2 Nf7 69. f4 Rb2
70. Be4 Bf2 71. Rg6+ Kf8 72. Bd5 Rd2 73. Be6 Nd6 74. f5 Ke7
75. Bb3 Nxf5 76. Re6+ Kd8 77. Re5 Nd4 78. Bc4 Rc2 79. Bd5 Rc3
80. Rg5 Ke7 81. Rg7+ Kd6 82. Be4 Re3 83. Ba8 Nf5 84. Rg6+ Ke5
85. Rg8 Ra3 86. Re8+ Kd6 87. Be4 Nxg3 88. Kg2 Bd4 89. Bg6 Be5
90. Rd8+ Ke6 91. Rd3 Ra2+ 92. Kh3 Ne2 93. Bh7 Nf4+ 94. Kg4
Rg2+ 95. Kf3 Rg7 0-1

[Event "SportAccord World Mind Games (Women, Basque)"]
[Site "Beijing CHN"]
[Date "2013.12.18"]
[EventDate "2013.12.17"]
[Round "4.2"]
[Result "1/2-1/2"]
[White "Koneru Humpy"]
[Black "Kateryna Lahno"]
[WhiteElo "2607"]
[BlackElo "2543"]
[PlyCount "156"]

1. Nf3 Nf6 2. g3 g6 3. b3 Bg7 4. Bb2 O-O 5. Bg2 d5 6. c4 c6
7. O-O Bg4 8. d3 Nbd7 9. Nbd2 a5 10. a3 Qb6 11. Qc2 e6
12. Rfe1 Rfd8 13. Ne5 Nxe5 14. Bxe5 Ne4 15. c5 Qxc5 16. Qxc5
Nxc5 17. Bxg7 Kxg7 18. d4 Ne4 19. Nxe4 dxe4 20. h3 Bxh3
21. Bxh3 Rxd4 22. Red1 Rad8 23. Rxd4 Rxd4 24. Rc1 Rd2 25. Bf1
Ra2 26. a4 Rb2 27. Rc3 Kf6 28. e3 Ke5 29. Bc4 Rb1+ 30. Kg2 Kd6
31. Rc2 h5 32. Rd2+ Kc5 33. Rd8 b5 34. axb5 cxb5 35. Rc8+ Kd6
36. Bxb5 Rxb3 37. Ba4 Rb4 38. Bc2 f5 39. Ra8 Rc4 40. Bb3 Rc6
41. Rxa5 Ke7 42. Ra7+ Kf6 43. Ba4 Rc8 44. Ra6 Rc5 45. Bb3 Re5
46. Kf1 Kf7 47. Ke2 Kf6 48. Kd2 g5 49. Bc4 h4 50. gxh4 gxh4
51. Ke2 Rc5 52. Ra4 e5 53. Kf1 Kg5 54. Kg2 Kg4 55. Be2+ Kg5
56. Ra8 Rc2 57. Rg8+ Kf6 58. Bf1 h3+ 59. Kg1 h2+ 60. Kxh2
Rxf2+ 61. Bg2 Re2 62. Rf8+ Kg5 63. Rg8+ Kf6 64. Rf8+ Ke6
65. Re8+ Kd6 66. Rf8 Ke6 67. Re8+ Kf7 68. Rxe5 Kf6 69. Re8
Rxe3 70. Kg1 Kg5 71. Kf2 Kf4 72. Bxe4 Rxe4 73. Rxe4+ Kxe4
74. Ke2 f4 75. Kf2 f3 76. Kf1 Ke3 77. Ke1 f2+ 78. Kf1 Kf3
1/2-1/2

[Event "FIDE Women's Grand Prix Sharjah"]
[Site "Sharjah UAE"]
[Date "2014.09.04"]
[EventDate "2014.08.25"]
[Round "9"]
[Result "1/2-1/2"]
[White "Koneru Humpy"]
[Black "Zhu Chen"]
[WhiteElo "2598"]
[BlackElo "2461"]
[PlyCount "61"]

1. Nf3 d5 2. d4 Nf6 3. c4 c6 4. e3 Bg4 5. cxd5 cxd5 6. Nc3 e6
7. Qa4+ Nbd7 8. Ne5 a6 9. Nxg4 Nxg4 10. h3 Ngf6 11. Bd3 Bd6
12. e4 dxe4 13. Nxe4 Nxe4 14. Bxe4 Rb8 15. O-O O-O 16. Bd2 Nf6
17. Bf3 Nd5 18. Bxd5 exd5 19. Bb4 Bxb4 20. Qxb4 Re8 21. Rfe1
Qd7 22. Rac1 g6 23. a4 Rxe1+ 24. Rxe1 Re8 25. Rxe8+ Qxe8
26. Qxb7 Qxa4 27. Qb8+ Kg7 28. Qe5+ Kg8 29. Qb8+ Kg7 30. Qe5+
Kg8 31. Qb8+ 1/2-1/2

[Event "World Rapid Championship (Women)"]
[Site "Doha QAT"]
[Date "2016.12.28"]
[EventDate "2016.12.26"]
[Round "9.10"]
[Result "0-1"]
[White "Meri Arabidze"]
[Black "Koneru Humpy"]
[WhiteElo "2379"]
[BlackElo "2557"]
[PlyCount "78"]

1. d4 Nf6 2. c4 e6 3. Nf3 Bb4+ 4. Bd2 c5 5. Bxb4 cxb4 6. Nbd2
O-O 7. e3 b6 8. Bd3 Bb7 9. Qc2 d6 10. g4 Kh8 11. g5 Nfd7
12. Bxh7 g6 13. Bxg6 fxg6 14. Qxg6 Qe7 15. Rg1 Rf7 16. Rg3 Rh7
17. h4 Nf8 18. Qc2 Kg7 19. Ne4 Nbd7 20. d5 exd5 21. cxd5 Rc8
22. Qd3 Ne5 23. Nxe5 Qxe5 24. Rd1 Rxh4 25. f4 Rh1+ 26. Ke2
Rxd1 27. Kxd1 Qxb2 28. Nd2 Rc1+ 29. Ke2 Rc2 30. f5 Ba6
31. Qxa6 Rxd2+ 32. Kf3 Rf2+ 33. Kg4 Nd7 34. f6+ Kf7 35. g6+
Kxf6 36. Qc8 Qe2+ 37. Kh4 Rh2+ 38. Rh3 Qf2+ 39. Kg4 Ne5+ 0-1

[Event "World Rapid Championship (Women)"]
[Site "Doha QAT"]
[Date "2016.12.28"]
[EventDate "2016.12.26"]
[Round "10.8"]
[Result "1-0"]
[White "Koneru Humpy"]
[Black "Nino Batsiashvili"]
[WhiteElo "2557"]
[BlackElo "2482"]
[PlyCount "65"]

1. d4 f5 2. Nf3 Nf6 3. g3 g6 4. Bg2 Bg7 5. O-O O-O 6. b3 a5
7. c4 d6 8. Bb2 Na6 9. Nc3 c6 10. Re1 Bd7 11. e4 fxe4 12. Nxe4
Nxe4 13. Rxe4 Bf5 14. Re1 Qd7 15. Nh4 Bg4 16. Qd2 Nc7 17. h3
Bxh3 18. Bxh3 Qxh3 19. Rxe7 Ne8 20. Rae1 Nf6 21. d5 cxd5
22. cxd5 Rf7 23. Rxf7 Kxf7 24. Qf4 Qg4 25. Re7+ Kf8 26. Qxg4
Nxg4 27. Rxg7 Rc8 28. Rxh7 Rc2 29. Nxg6+ Ke8 30. Bd4 Rxa2
31. Re7+ Kd8 32. Bb6+ Kc8 33. Re8+ 1-0